TV or Movie? I Played My Part! Quiz Stats

 Plays Quiz Updated Aug 5, 2017

Support Sporcle.
Go Orange.
Score 0/26 Timer 06:00
0 Plays Today
Actor - Character Television (T), Movie (M) or Both (B) % Correct
Heath Ledger
The Joker
???
93.9%
Tobey Maguire
Spider-Man
???
92.4%
Daniel Day-Lewis
Abraham Lincoln
???
90%
Alec Guinness
Obi-Wan Kenobi
???
88.7%
Anthony Hopkins
Dr. Hannibal Lecter
???
87.2%
Morgan Freeman
God
???
84%
Dean Cain
Superman
???
79.8%
Steve Carell
Maxwell Smart
???
79.4%
Zachary Quinto
Spock
???
76.3%
Dan Aykroyd
Joe Friday
???
73.4%
Rowan Atkinson
Mr. Bean
???
73.3%
Miley Cyrus
Hannah Montana
???
70.5%
River Phoenix
Indiana Jones
???
67.9%
Actor - Character Television (T), Movie (M) or Both (B) % Correct
Jonny Lee Miller
Sherlock Holmes
???
67.9%
Diana Rigg
Emma Peel
???
65.4%
Carolyn Jones
Morticia Addams
???
62.7%
Gillian Anderson
Dana Scully
???
62.5%
Mr. T
B. A. Baracus
???
61.9%
Tony Randall
Felix Unger
???
59.9%
Maggie Q
Nikita
???
56.6%
Maureen McCormick
Marcia Brady
???
54.8%
Lena Headey
Sarah Connor
???
54.4%
Kristy Swanson
Buffy Summers
???
53.8%
Sally Kellerman
Major 'Hot Lips' O'Houlihan
???
47.4%
Adam West
Batman
???
29.4%
Peter Cushing
Dr. Who
???
23.2%

You're not logged in!

Compare scores with friends on all Sporcle quizzes.
OR
Log In
Forgot?

From the Vault

Billy Joel Albums

by Ben

When not divorcing Christie Brinkley or touring with Elton John, Billy has squeezed out a few albums as well.
Remove Ads.
Support Sporcle.
Get the best of Sporcle when you Go Orange. This ad-free experience offers more features, more stats, and more fun while also helping to support Sporcle. Thank you for becoming a member.

Show Comments

Extras

Top Quizzes Today


Score Distribution

Your Account Isn't Verified!

In order to create a playlist on Sporcle, you need to verify the email address you used during registration. Go to your Sporcle Settings to finish the process.

Report this User

Report this user for behavior that violates our Community Guidelines.

Details: